000 01322namaa22003131i 4500
005 20260228132604.0
008 260207s1995 ua a|||fr|m|| 000 0 eng d
040 _aEG-GICUC
_beng
_cEG-GICUC
_dEG-GICUC
_erda
041 0 _aeng
_beng
_bara
049 _aDeposit
097 _aPh.D
099 _aCai01.13.04.Ph.D.1995.Ya.S
100 0 _aYasser Mohamed Fahmy,
_epreparation.
245 1 0 _aSol-gel catalyst preparation for co conversion in vehicles /
_cBy Yasser Mohamed Fahmy ; Supervised Prof. Dr. Shakinaz . T. El- Shelitawy, Prof. Dr. M. M. Selim.
246 1 5 _aتحضير حفاز بطريقة Sol-Gel لاسكدة اول اكسيد الكربون فى المركبات
264 0 _c1995
300 _a193 pages :
_billustrations ;
_c25 cm. +
336 _2rda content
_atext
337 _2rdamedia
_aUnmediated
338 _2rdacarrier
_avolume
502 _a Thesis (Ph.D)-Cairo University, 1995
504 _aBibliography: pages 177-182.
653 0 _aSol-gel catalyst
_aco conversion in vehicles
700 0 _aShakinaz . T. El- Shelitawy
_ethesis advisor.
700 0 _aM. M. Selim
_ethesis advisor.
900 _DDepartment of Chemical Engineering
_FFaculty of Engineering
_UCairo University
_b1995
_c Shakinaz . T. El- Shelitawy
_cM.M. Selim
905 _aNagat
_eNourhan
942 _2ddc
_cTH
_e21
_n0
999 _c178224